00593nam a2200169Ia 4500008004100000020002200041082001700063100002600080245003800106250000800144260003400152300001100186600002700197942000700224952017500231999001700406250916s9999 xx 000 0 und d a978-1-260-57079-3 a621.3192 ALE aAlexander, Charles K. 0aFundamentals of electric circuits a7th aNew York:bMcGraw-Hill,c2021 a903 p. aElectronic Engineering cBK 001040708ETaUITUbUITUd2025-07-31eProgressive International Agencies (Pvt) Limitedg27537.76l0o621.3192 ALEpQ15991r2025-09-16 13:12:10v34422.20w2025-09-16yBK c31616d31616